Culture Générale - Série 1518 - Statistiques

Statistiques générales
  • Ce quiz a été pris 143 fois
  • Le résultat moyen est 6 sur 10
Statistiques - réponses
Question Réponse % Correct
Selon l'expression, lorsque l'on est au comble du bonheur, on est "au septième... ciel
97%
De l'Europe, l'Asie, l'Afrique, l'Amérique et l'Océanie, quel continent est le plus petit ? Océanie
97%
Si le sablier mesure le temps grâce au sable, avec quoi fonctionne une clepsydre ? eau
89%
En référence à "l'homme araignée", comment surnomme-t-on Alain Robert, connu pour escalader des monuments à mains nues ? Spiderman
79%
Quel roman de Jules Verne, paru en 1873, a pour héros Phileas Fogg ? Le Tour du monde en 80 jours
75%
Quel nom d'ancienne arme à feu portative courte désigne un anneau à fermeture automatique servant de point d'attache, en escalade ? mousqueton
54%
Quel artiste chante “D'un piano à l'autre”, sur son album intitulé “Fan” ? Pascal Obispo
54%
En escrime, quel nom ancien désigne un coup porté avec la pointe de l'épée ? coup d'estoc
47%
Comment appelle-ton les habitants d'Aurillac, chef-lieu du département du Cantal ? Aurillacois
46%
Complétez ce titre d'une pièce d'Oscar Wilde : "Une femme sans... importance
5%
Aucun quiz correspondant
Distribution des résultats
% des personnes avec chaque résultat
Percentile par nombre de réponses
Votre historique - résultats
Vous n’avez pas pris ce quiz